The Handbook of the British Astronomical Association (Record no. 35955)

MARC details
000 -LEADER
fixed length control field 00555nam a22001817a 4500
003 - CONTROL NUMBER IDENTIFIER
control field IN-BaIIA
005 - DATE AND TIME OF LATEST TRANSACTION
control field 20221012165357.0
008 - FIXED-LENGTH DATA ELEMENTS--GENERAL INFORMATION
fixed length control field 221012b ||||| |||| 00| 0 eng d
022 ## - INTERNATIONAL STANDARD SERIAL NUMBER
International Standard Serial Number 0068-130-X
028 ## - PUBLISHER OR DISTRIBUTOR NUMBER
Source British Astronomical Association
040 ## - CATALOGING SOURCE
Transcribing agency IIA Bangalore
245 ## - TITLE STATEMENT
Title The Handbook of the British Astronomical Association
Medium [Print Journal]
260 ## - PUBLICATION, DISTRIBUTION, ETC.
Place of publication, distribution, etc. Farringdon Street, London
Name of publisher, distributor, etc. British Astronomical Association
310 ## - CURRENT PUBLICATION FREQUENCY
Current publication frequency 1 issue/ Year
362 ## - DATES OF PUBLICATION AND/OR SEQUENTIAL DESIGNATION
Dates of publication and/or sequential designation -Current
521 ## - TARGET AUDIENCE NOTE
Target audience note Subscribed through IIA Library
942 ## - ADDED ENTRY ELEMENTS (KOHA)
Source of classification or shelving scheme Dewey Decimal Classification
Koha item type Journals (Bound Volume)
Serial record flag 1
Holdings
Withdrawn status Lost status Damaged status Not for loan Home library Current library Shelving location Date acquired Total Checkouts Date last seen Price effective from Koha item type
        IIA Library-Bangalore IIA Library-Bangalore On Display 12/10/2022   12/10/2022 12/10/2022 Journals (Bound Volume)

Powered by Koha